000
00220 a2200097 4500
001
1039
100
_a
Wilson,W.
245
_a
Calculation and design of electrical apparatus
260
_a
_b
Chapman
_c
090
_c
606
_d
606
942
_a
NUST-CAE
_c
M
_c
32556
999
_c
236112
_d
236112